One step beyond : shock or reality? : Presentations from the October 1976 and March 1977 Forums for Nursing Service Administrators in the West /

Bibliographic Details
Corporate Authors: Forum for Nursing Service Administrators in the West Portland, Or., Western Regional Assembly of Constituent Leagues, National League for Nursing, Forum for Nursing Service Administrators in the West
Format: Conference Proceeding Book
Language:English
Published: New York, N.Y. : National League for Nursing, [1978]
Subjects:

MARC

Tag First Indicator Second Indicator Subfields
LEADER 00000cam a2200000 a 4500
001 in00000088604
005 20151008065142.0
008 800227s1978 nyu 10010 engm
010 |a  79102730  
020 |c $3.95 
035 |a (OCoLC)06143913 
035 |9 AAK5445AM 
040 |a DLC  |c DLC  |d m.c.  |d TXA  |d UtOrBLW 
043 |a n-us--- 
049 |a TXAM  |c [1482002] 
050 0 0 |a RT4  |b .F67 1976 
082 0 |a 610.73 
111 2 |a Forum for Nursing Service Administrators in the West  |d (1976 :  |c Portland, Or.) 
245 1 0 |a One step beyond :  |b shock or reality? : Presentations from the October 1976 and March 1977 Forums for Nursing Service Administrators in the West /  |c sponsored by the Western Regional Assembly of Constituent Leagues. 
264 1 |a New York, N.Y. :  |b National League for Nursing,  |c [1978] 
264 4 |c ©1978 
300 |a v, 26 pages ;  |c 28 cm. 
336 |a text  |b txt  |2 rdacontent 
337 |a unmediated  |b n  |2 rdamedia 
338 |a volume  |b nc  |2 rdacarrier 
500 |a "Pub. number 52-1724." 
650 0 |a Nursing  |z United States  |v Congresses. 
650 0 |a Nursing services  |x Administration  |x Congresses. 
710 2 |a Western Regional Assembly of Constituent Leagues. 
710 2 |a National League for Nursing. 
711 2 |a Forum for Nursing Service Administrators in the West  |d (1977 :  |c Honolulu, Hawaii) 
999 |a MARS 
999 f f |s 35b2bff1-9552-3e04-9c2e-b823a740790a  |i e0cbec14-28ea-3eb7-b904-84a33abc8ff4  |t 0 
952 f f |p ric  |a Texas A&M University  |b Rellis Campus  |c Joint Library Facility  |d Remote Storage  |t 0  |e RT4 .F67 1976  |h Library of Congress classification  |i unmediated -- volume  |m A14806233200 
998 f f |a RT4 .F67 1976  |t 0  |l Remote Storage